000 00215 a2200097 4500
001 17600
100 _aMises R V
245 _aAdvances in applied mechanics
260 _a
_bAcademic Press
_c
090 _c12991
_d12991
942 _aNUST-CAE
_cM
_c3326
999 _c252673
_d252673